[Event "Otvoreno prvenstvo Subotice 2014"]
[Site "Subotica"]
[Date "2014.02.28"]
[Round "5.8"]
[White "Hegedus, Antal"]
[Black "Rajic, Ivan"]
[Result "0-1"]
[WhiteElo "1972"]
[BlackElo "2020"]
[PlyCount "102"]
[EventDate "2014.02.19"]

1. g3 d5 2. Bg2 e5 3. c4 Nf6 4. cxd5 Nxd5 5. Nc3 Nxc3 6. bxc3 c6 7. Nf3 Bd6 8.
d3 O-O 9. O-O Be6 10. Qc2 h6 11. Bb2 Nd7 12. a4 f5 13. c4 Qc7 14. a5 a6 15. Bc3
Nf6 16. c5 Bxc5 17. Bxe5 Bd6 18. Bxf6 Rxf6 19. Nd4 Re8 20. Nxe6 Rfxe6 21. e3
R6e7 22. d4 Rf8 23. Rfc1 Kh8 24. Qc3 Rd7 25. Rab1 Qd8 26. Rb3 Rff7 27. Rcb1 Kh7
28. Bf1 Qf6 29. Bc4 Rfe7 30. Qc2 h5 31. Bd3 g6 32. Bf1 Qg5 33. Bg2 Rc7 34. Qd3
h4 35. e4 fxe4 36. Bxe4 hxg3 37. hxg3 Qg4 38. Bf3 Qf5 39. Qxf5 gxf5 40. Kg2 Kg6
41. Bd1 Kf6 42. Bf3 Kg5 43. Rb6 Rcd7 44. Rh1 Bb8 45. d5 Bc7 46. Rxb7 cxd5 47.
Rxc7 Rxc7 48. Bxd5 Rc5 49. f4+ Kg6 50. Bf3 Rc2+ 51. Kh3 Rh7+ 0-1

[Event "Otvoreno prvenstvo Subotice 2014"]
[Site "Subotica"]
[Date "2014.02.28"]
[Round "5.9"]
[White "Vecseri, Julius"]
[Black "Mester, Robert"]
[Result "1-0"]
[WhiteElo "2020"]
[BlackElo "1933"]
[PlyCount "97"]
[EventDate "2014.02.19"]

1. d4 e5 2. e3 exd4 3. exd4 d5 4. Nf3 Nf6 5. Be2 Bd6 6. O-O O-O 7. h3 h6 8. Bd3
Be6 9. b3 Qd7 10. Ne5 Bxe5 11. dxe5 Ne4 12. Bxe4 dxe4 13. Qxd7 Nxd7 14. Bb2 f5
15. exf6 gxf6 16. Re1 Bf5 17. Nc3 Rae8 18. Nb5 a6 19. Nxc7 Rc8 20. Nd5 Rxc2 21.
Ba3 Be6 22. Ne3 Rd2 23. Bxf8 Kxf8 24. Nf1 Rd4 25. f3 f5 26. fxe4 fxe4 27. Rad1
Rxd1 28. Rxd1 Ke7 29. Kf2 Nf6 30. Ne3 a5 31. Rd2 b5 32. Rc2 Kd6 33. Rd2+ Kc5
34. Rc2+ Kd6 35. g4 a4 36. b4 Nd7 37. a3 Ne5 38. Ke2 Nd3 39. Ng2 Bc4 40. Ke3
Ke5 41. h4 Be6 42. g5 hxg5 43. hxg5 Bc4 44. g6 Kf6 45. Kxe4 Kxg6 46. Nf4+ Nxf4
47. Kxf4 Kf6 48. Ke4 Ke6 49. Kd4 1-0

[Event "Otvoreno prvenstvo Subotice 2014"]
[Site "Subotica"]
[Date "2014.02.28"]
[Round "5.10"]
[White "Matkovic, Jovan"]
[Black "Bosnjak, Slobodan"]
[Result "1-0"]
[WhiteElo "2017"]
[BlackElo "1854"]
[PlyCount "61"]
[EventDate "2014.02.19"]

1. e4 e5 2. Nf3 d6 3. Bc4 h6 4. d4 exd4 5. Nxd4 Nf6 6. Nc3 Be7 7. f3 Bd7 8. Be3
Nc6 9. Qd2 Nh7 10. Nd5 Nxd4 11. Bxd4 Bf6 12. Nxf6+ Nxf6 13. O-O-O Be6 14. Be2
Qe7 15. Kb1 b6 16. Rhe1 O-O-O 17. c4 Rhg8 18. Qc3 Nd7 19. f4 f6 20. Bf3 Nb8 21.
Ka1 Nc6 22. Bf2 Qf7 23. e5 Na5 24. exd6 Rxd6 25. Rxd6 cxd6 26. f5 Bxf5 27. Bd5
Qf8 28. Bxg8 Qxg8 29. Rd1 Qxc4 30. Qxc4+ Nxc4 31. Rc1 1-0

[Event "Otvoreno prvenstvo Subotice 2014"]
[Site "Subotica"]
[Date "2014.02.28"]
[Round "5.11"]
[White "Bicskei, Mihaly"]
[Black "Mandovic, Mirko"]
[Result "1/2-1/2"]
[WhiteElo "1853"]
[BlackElo "2010"]
[PlyCount "128"]
[EventDate "2014.02.19"]

1. e4 c5 2. Nf3 e6 3. d4 cxd4 4. Nxd4 Nc6 5. Be2 Nf6 6. Nxc6 bxc6 7. e5 Qa5+ 8.
Nd2 Qxe5 9. O-O d5 10. Nf3 Qc7 11. c4 Bd6 12. Qc2 h6 13. Bd2 Ne4 14. Be3 O-O
15. Rfd1 Qe7 16. Rac1 Bd7 17. c5 Bc7 18. Nd2 Nxd2 19. Qxd2 f5 20. f4 e5 21. g3
exf4 22. Bxf4 Bxf4 23. gxf4 Rae8 24. Bh5 Qe3+ 25. Qxe3 Rxe3 26. Re1 Re4 27. Kg2
Be8 28. Bf3 Rxe1 29. Rxe1 Kf7 30. Re3 Kf6 31. h4 Bf7 32. Ra3 Rb8 33. b3 Rb7 34.
Ra6 Rc7 35. b4 Ke7 36. Ra3 Rb7 37. Rb3 Be8 38. h5 Kf6 39. a4 a6 40. Be2 Re7 41.
Bf3 Rb7 42. Be2 Rb8 43. Bf3 a5 44. b5 cxb5 45. Bxd5 b4 46. c6 Rc8 47. Re3 Bf7
48. Bxf7 Kxf7 49. Re5 Kf6 50. Rxa5 Rxc6 51. Rb5 b3 52. Rxb3 Rc4 53. Ra3 Rxf4
54. a5 Re4 55. a6 Re8 56. a7 Ra8 57. Ra5 Kg5 58. Kg3 Kxh5 59. Rxf5+ Kg6 60. Ra5
Kf6 61. Kg4 Ke6 62. Kh5 Kd6 63. Kg6 Kc6 64. Kxg7 h5 1/2-1/2

[Event "Otvoreno prvenstvo Subotice 2014"]
[Site "Subotica"]
[Date "2014.02.28"]
[Round "5.12"]
[White "Nemeth, Tibor G"]
[Black "Takacs, Tibor"]
[Result "0-1"]
[WhiteElo "1928"]
[BlackElo "1998"]
[PlyCount "90"]
[EventDate "2014.02.19"]

1. f4 d5 2. Nf3 c5 3. e3 Nc6 4. Bb5 Bd7 5. b3 Nf6 6. Nc3 d4 7. Ne2 e5 8. fxe5
Nxe5 9. Bxd7+ Nfxd7 10. Nxe5 Nxe5 11. O-O Qd7 12. Bb2 Nc6 13. exd4 cxd4 14. Rf4
O-O-O 15. d3 Bd6 16. Rf2 Qc7 17. g3 h5 18. Qf1 f6 19. Qh3+ Kb8 20. Nf4 h4 21.
Qf5 hxg3 22. hxg3 Ne7 23. Qe6 g5 24. Ne2 Bxg3 25. Nxg3 Qxg3+ 26. Rg2 Qd6 27.
Re1 Nc6 28. Re4 Rh7 29. Qf5 Rdh8 30. Kf2 Ne7 31. Qe6 Qxe6 32. Rxe6 Nd5 33. Bc1
Rh4 34. Re4 Rh1 35. Ba3 Kc7 36. Rxd4 Kc6 37. c4 Nf4 38. Rd6+ Kc7 39. Rg3 R8h2+
40. Kf3 Rf1+ 41. Ke4 Re2+ 42. Re3 f5+ 43. Kxf5 Rxe3 44. Kxg5 Rg3+ 45. Kh4 Ne2
0-1

[Event "Otvoreno prvenstvo Subotice 2014"]
[Site "Subotica"]
[Date "2014.02.28"]
[Round "5.13"]
[White "Jelovac, Ivko"]
[Black "Vucelic, Rade"]
[Result "1/2-1/2"]
[WhiteElo "1901"]
[BlackElo "1917"]
[PlyCount "55"]
[EventDate "2014.02.19"]

1. e4 e6 2. d4 d5 3. Nc3 b6 4. e5 Ba6 5. Bxa6 Nxa6 6. Nf3 c5 7. Be3 Qd7 8. Qe2
Nc7 9. a4 Nh6 10. O-O Nf5 11. g4 Nxe3 12. fxe3 cxd4 13. exd4 Be7 14. g5 h6 15.
h4 O-O-O 16. a5 b5 17. a6 hxg5 18. hxg5 f5 19. exf6 gxf6 20. Ra5 Bb4 21. Raa1
Bxc3 22. bxc3 fxg5 23. Ne5 Qh7 24. Qg2 Rdf8 25. Rxf8+ Rxf8 26. Nc6 Qd7 27. Ne5
Qh7 28. Nc6 1/2-1/2

[Event "Otvoreno prvenstvo Subotice 2014"]
[Site "Subotica"]
[Date "2014.02.28"]
[Round "5.15"]
[White "Smit, Jovan"]
[Black "Szabo, Nikita"]
[Result "1/2-1/2"]
[WhiteElo "1817"]
[BlackElo "1638"]
[PlyCount "33"]
[EventDate "2014.02.19"]

1. e4 c5 2. Nf3 Nc6 3. d4 cxd4 4. Nxd4 g6 5. Nc3 Bg7 6. Be3 Nf6 7. Qd2 O-O 8.
f3 d5 9. Nxc6 bxc6 10. O-O-O Be6 11. Bh6 Qc7 12. Bxg7 Kxg7 13. h4 Rfd8 14. Bd3
d4 15. Na4 c5 16. h5 c4 17. hxg6 1/2-1/2

[Event "Otvoreno prvenstvo Subotice 2014"]
[Site "Subotica"]
[Date "2014.03.03"]
[Round "6.1"]
[White "Kler, Borko"]
[Black "Nadj Hedjesi, Balind"]
[Result "0-1"]
[WhiteElo "2254"]
[BlackElo "2397"]
[PlyCount "64"]
[EventDate "2014.02.19"]

1. e4 e5 2. Nf3 d6 3. d4 Nd7 4. Nc3 Ngf6 5. Be2 c6 6. O-O Qc7 7. Nh4 g6 8. Be3
Bg7 9. Qd2 O-O 10. f4 exd4 11. Bxd4 Re8 12. Bf3 Nb6 13. b3 a6 14. Rad1 c5 15.
Bf2 Ng4 16. Bxg4 Bxg4 17. Qxd6 Rac8 18. Qxc7 Rxc7 19. Rd3 c4 20. bxc4 Rxc4 21.
e5 Na4 22. Nxa4 Rxa4 23. Rd4 Rxa2 24. c4 Bf8 25. f5 Be2 26. Re1 g5 27. Re4 Bd3
28. Rg4 h6 29. Nf3 Bxf5 30. Rg3 Rd8 31. h4 g4 32. h5 Be7 0-1

[Event "Otvoreno prvenstvo Subotice 2014"]
[Site "Subotica"]
[Date "2014.03.03"]
[Round "6.2"]
[White "Arbutina, Sinisa"]
[Black "Tomik, Lajos"]
[Result "1-0"]
[WhiteElo "2285"]
[BlackElo "2052"]
[PlyCount "81"]
[EventDate "2014.02.19"]

1. d4 Nf6 2. c4 e6 3. Bg5 c5 4. d5 exd5 5. cxd5 d6 6. Nc3 Be7 7. Nf3 O-O 8. e4
Na6 9. Be2 Nc7 10. h3 b5 11. Bxf6 Bxf6 12. Qc2 Bd7 13. O-O Re8 14. Rfe1 g6 15.
Rad1 Rc8 16. Bf1 b4 17. Nb1 Nb5 18. Nbd2 Nd4 19. Nxd4 Bxd4 20. Nf3 Bg7 21. Nd2
Qe7 22. Bd3 Bd4 23. Re2 Rcd8 24. Rf1 Rb8 25. Kh2 Qf6 26. f4 Qd8 27. Nf3 Bg7 28.
e5 Bb5 29. Bxb5 Rxb5 30. Qc4 Rb8 31. Rfe1 Qb6 32. e6 f6 33. f5 Rb7 34. fxg6
hxg6 35. Nh4 Qb5 36. Qg4 Qd3 37. Re3 Qxd5 38. Qxg6 Rbe7 39. Nf5 Qc4 40. Re4
Qxa2 41. Nxg7 1-0

[Event "Otvoreno prvenstvo Subotice 2014"]
[Site "Subotica"]
[Date "2014.03.03"]
[Round "6.3"]
[White "Kosa, Jeno"]
[Black "Pajzer, Istvan"]
[Result "1-0"]
[WhiteElo "2073"]
[BlackElo "2157"]
[PlyCount "137"]
[EventDate "2014.02.19"]

1. d4 Nf6 2. c4 g6 3. Nc3 d5 4. Bf4 Bg7 5. e3 dxc4 6. Bxc4 O-O 7. Nf3 Bg4 8. h3
Bxf3 9. Qxf3 c6 10. O-O Nbd7 11. Rfd1 Qa5 12. a3 Rae8 13. b4 Qb6 14. Na4 Qd8
15. Bb3 Qc8 16. Rac1 e5 17. Bh2 Qa8 18. Nc5 a5 19. Nxd7 Nxd7 20. d5 e4 21. Qe2
Ne5 22. Bxe5 Bxe5 23. dxc6 bxc6 24. Rd7 axb4 25. axb4 Qa3 26. Qc4 Kh8 27. Rcd1
Bg7 28. Rxf7 Rxf7 29. Qxf7 Rf8 30. Qc4 h5 31. Bc2 Kh7 32. Qxe4 Rf6 33. Qc4 Qb2
34. Qc5 Kg8 35. Rd8+ Bf8 36. Qc4+ Kg7 37. Rd7+ Kh6 38. Qd4 Qc1+ 39. Bd1 Bg7 40.
Qd2 Qc4 41. Rd6 Rf7 42. Bc2 Rf6 43. Rxf6 Bxf6 44. Qd3 Qf7 45. Qe4 Bc3 46. Bd3
Qf6 47. f4 Qd6 48. b5 cxb5 49. Bxb5 Qd1+ 50. Kh2 Qd6 51. Bd3 h4 52. g3 hxg3+
53. Kxg3 Qb6 54. Qxg6+ Qxg6+ 55. Bxg6 Kxg6 56. Kg4 Kf6 57. e4 Bd4 58. h4 Bc3
59. h5 Bb2 60. e5+ Kg7 61. Kg5 Bc3 62. h6+ Kf7 63. Kf5 Bb2 64. h7 Kg7 65. Ke6
Kxh7 66. Kf7 Kh6 67. e6 Ba3 68. f5 Kg5 69. f6 1-0

[Event "Otvoreno prvenstvo Subotice 2014"]
[Site "Subotica"]
[Date "2014.03.03"]
[Round "6.4"]
[White "Kovac, Zoltan"]
[Black "Solymosi, Andras"]
[Result "1-0"]
[WhiteElo "2031"]
[BlackElo "1788"]
[PlyCount "51"]
[EventDate "2014.02.19"]

1. d4 Nf6 2. c4 g6 3. Nc3 Bg7 4. e4 d6 5. Bd3 O-O 6. Nge2 e5 7. d5 Nbd7 8. h3
a5 9. Be3 Nc5 10. Qd2 Ne8 11. g4 Bd7 12. Ng3 Bf6 13. Bc2 Rb8 14. a4 Bh4 15. Rg1
Kh8 16. O-O-O f6 17. f4 Qe7 18. Rdf1 Ng7 19. Kb1 b6 20. Bf2 Rbe8 21. f5 gxf5
22. gxf5 Rg8 23. Rg2 Bxg3 24. Bxg3 Nh5 25. Rfg1 Qf7 26. Bh4 1-0

[Event "Otvoreno prvenstvo Subotice 2014"]
[Site "Subotica"]
[Date "2014.03.03"]
[Round "6.5"]
[White "Meszaros, Bela"]
[Black "Vecseri, Julius"]
[Result "1-0"]
[WhiteElo "2259"]
[BlackElo "2020"]
[PlyCount "53"]
[EventDate "2014.02.19"]

1. e4 c5 2. Nf3 d6 3. d4 cxd4 4. Nxd4 a6 5. c4 Nc6 6. Be3 Bd7 7. Nc3 e6 8. Be2
Nxd4 9. Bxd4 Bc6 10. O-O e5 11. Be3 Nf6 12. Qd3 Nd7 13. Rad1 g5 14. b4 b6 15.
Rd2 Bb7 16. Bd1 Be7 17. Ba4 O-O 18. Bxd7 Qxd7 19. Bxb6 f5 20. c5 fxe4 21. Qc4+
Kh8 22. cxd6 Bd8 23. Bxd8 Rc8 24. Bc7 e3 25. fxe3 Rxf1+ 26. Qxf1 Rxc7 27. Qf8#
1-0

[Event "Otvoreno prvenstvo Subotice 2014"]
[Site "Subotica"]
[Date "2014.03.03"]
[Round "6.6"]
[White "Pardic, Oliver"]
[Black "Matkovic, Jovan"]
[Result "1-0"]
[WhiteElo "2258"]
[BlackElo "2017"]
[PlyCount "61"]
[EventDate "2014.02.19"]

1. c4 Nf6 2. Nc3 g6 3. e4 d6 4. f4 c5 5. Nf3 Nc6 6. d3 Bg7 7. Be2 e6 8. O-O a6
9. Kh1 Nd4 10. Be3 Ng4 11. Bg1 Nxe2 12. Qxe2 b6 13. d4 Qe7 14. e5 Bb7 15. Ne4
dxe5 16. fxe5 O-O 17. dxc5 Nxe5 18. cxb6 Nxf3 19. gxf3 Rac8 20. c5 Be5 21. Rad1
Rfd8 22. Be3 Kg7 23. Kg1 h6 24. f4 Bxe4 25. fxe5 Qb7 26. Qf2 Rxd1 27. Qf6+ Kh7
28. Rxd1 Bf5 29. c6 Qxc6 30. Qxf7+ Kh8 31. Rd7 1-0

[Event "Otvoreno prvenstvo Subotice 2014"]
[Site "Subotica"]
[Date "2014.03.03"]
[Round "6.7"]
[White "Takacs, Tibor"]
[Black "Rajic, Ivan"]
[Result "0-1"]
[WhiteElo "1998"]
[BlackElo "2020"]
[PlyCount "80"]
[EventDate "2014.02.19"]

1. e4 e5 2. Nf3 Nc6 3. Bc4 Bc5 4. c3 d6 5. d4 exd4 6. cxd4 Bb4+ 7. Nc3 Bxc3+ 8.
bxc3 Nf6 9. Bg5 h6 10. Bh4 O-O 11. O-O Bg4 12. Qd3 Na5 13. Nd2 Nxc4 14. Nxc4 g5
15. Bg3 Nh5 16. f4 Nxg3 17. Qxg3 Be2 18. Ne3 Bxf1 19. Rxf1 Qf6 20. Nd5 Qg7 21.
Ne7+ Kh7 22. Nf5 Qg6 23. Qh3 g4 24. Qd3 Rae8 25. e5 f6 26. Qb1 fxe5 27. fxe5
dxe5 28. Qb5 Qe6 29. Qa4 exd4 30. cxd4 Re7 31. Qc2 Qe4 32. Ne3 Rxf1+ 33. Kxf1
Qxc2 34. Nxc2 a5 35. Kf2 Re4 36. a3 Kg6 37. g3 c5 38. d5 Kf6 39. Ne3 b5 40. d6
Ke6 0-1

[Event "Otvoreno prvenstvo Subotice 2014"]
[Site "Subotica"]
[Date "2014.03.03"]
[Round "6.9"]
[White "Sedlak, Ivan"]
[Black "Bicskei, Mihaly"]
[Result "1-0"]
[WhiteElo "2126"]
[BlackElo "1853"]
[PlyCount "58"]
[EventDate "2014.02.19"]

1. e4 e5 2. Nf3 Nc6 3. Bb5 f5 4. O-O d6 5. exf5 Bxf5 6. d4 e4 7. d5 a6 8. Bxc6+
bxc6 9. Nd4 Bg6 10. dxc6 Qc8 11. Nc3 Be7 12. Nd5 Nf6 13. Nxe7 Kxe7 14. Bg5 Kf7
15. c3 Rb8 16. b4 Re8 17. h3 Kg8 18. a4 Bf7 19. Re1 Nd5 20. Qd2 Re5 21. Bf4
Nxf4 22. Qxf4 Bg6 23. b5 axb5 24. axb5 Rc5 25. Re3 Ra8 26. Rxa8 Qxa8 27. Qg4
Re5 28. Qd7 Qb8 29. Ne6 Bf7 1-0

[Event "Otvoreno prvenstvo Subotice 2014"]
[Site "Subotica"]
[Date "2014.03.03"]
[Round "6.10"]
[White "Mandovic, Mirko"]
[Black "Doslov, Ostoja"]
[Result "0-1"]
[WhiteElo "2010"]
[BlackElo "1875"]
[PlyCount "74"]
[EventDate "2014.02.19"]

1. Nf3 d5 2. g3 c5 3. Bg2 Nc6 4. c4 d4 5. d3 e5 6. Nbd2 f5 7. Nb3 Nf6 8. O-O
Bd6 9. e3 O-O 10. exd4 cxd4 11. Ng5 h6 12. Nh3 Be6 13. Re1 Qd7 14. f3 e4 15.
Nf4 Bf7 16. fxe4 fxe4 17. dxe4 Bxc4 18. Bh3 Qe8 19. Nd2 Bf7 20. Qe2 Bc5 21. Nd3
Bd6 22. Nf3 Bh5 23. e5 Nd5 24. g4 Bg6 25. Kg2 Bc7 26. Bd2 Bb6 27. a3 Rd8 28.
Rac1 Ne3+ 29. Kg3 Be4 30. Bg2 Bc7 31. Bxe3 dxe3 32. Rc3 Rxf3+ 33. Bxf3 Bxd3 34.
Qg2 Bxe5+ 35. Kh3 Bxc3 36. Rc1 Bf6 37. Re1 Qe6 0-1

[Event "Otvoreno prvenstvo Subotice 2014"]
[Site "Subotica"]
[Date "2014.03.03"]
[Round "6.11"]
[White "Vucelic, Rade"]
[Black "Janjusevic, Branislav"]
[Result "1/2-1/2"]
[WhiteElo "1917"]
[BlackElo "1965"]
[PlyCount "25"]
[EventDate "2014.02.19"]

1. e4 d5 2. exd5 Nf6 3. Nc3 Nxd5 4. Bc4 e6 5. d3 Be7 6. Qg4 O-O 7. Nge2 Nc6 8.
Bb3 Kh8 9. Bd2 f5 10. Qh3 Bf6 11. f4 Nxc3 12. Bxc3 Nd4 13. Qe3 1/2-1/2

[Event "Otvoreno prvenstvo Subotice 2014"]
[Site "Subotica"]
[Date "2014.03.03"]
[Round "6.12"]
[White "Bacsa, Zoltan"]
[Black "Hegedus, Antal"]
[Result "0-1"]
[WhiteElo "1654"]
[BlackElo "1972"]
[PlyCount "32"]
[EventDate "2014.02.19"]

1. e4 e5 2. Nf3 d6 3. Bc4 Be7 4. d4 Nd7 5. dxe5 Nxe5 6. Nxe5 dxe5 7. Qh5 g6 8.
Qxe5 Nf6 9. Bg5 O-O 10. Bxf6 Bxf6 11. Qb5 Qd4 12. Nc3 c6 13. Qb3 b5 14. Bd3 Be6
15. Ne2 Qc5 16. c4 bxc4 (16... bxc4 17. Rc1 Qa5+) 0-1

[Event "Otvoreno prvenstvo Subotice 2014"]
[Site "Subotica"]
[Date "2014.03.03"]
[Round "6.13"]
[White "Mester, Robert"]
[Black "Lanji, Laslo"]
[Result "1/2-1/2"]
[WhiteElo "1933"]
[BlackElo "1839"]
[PlyCount "59"]
[EventDate "2014.02.19"]

1. e4 e5 2. f4 d6 3. Nf3 Nc6 4. Bc4 Be7 5. O-O Nf6 6. Nc3 O-O 7. d4 Bg4 8. d5
Nd4 9. Be2 Nxf3+ 10. Bxf3 Qd7 11. f5 Bxf3 12. Qxf3 h6 13. g4 Nh7 14. Qg3 Qd8
15. Be3 Bh4 16. Qg2 Bg5 17. Rfe1 a6 18. Bxg5 Nxg5 19. h4 Nh7 20. Qg3 Qf6 21.
Kf2 g5 22. hxg5 Qxg5 23. Rh1 Nf6 24. Rag1 Kg7 25. Qe3 Rh8 26. Qxg5+ hxg5 27.
Kf3 Rxh1 28. Rxh1 Rh8 29. Rxh8 Kxh8 30. Nd1 1/2-1/2

[Event "Otvoreno prvenstvo Subotice 2014"]
[Site "Subotica"]
[Date "2014.03.03"]
[Round "6.14"]
[White "Smit, Jovan"]
[Black "Nemeth, Tibor G"]
[Result "1-0"]
[WhiteElo "1817"]
[BlackElo "1928"]
[PlyCount "73"]
[EventDate "2014.02.19"]

1. e4 Nc6 2. Nf3 e5 3. Bc4 Nf6 4. Nc3 Bc5 5. O-O O-O 6. h3 d6 7. Na4 Bb6 8.
Nxb6 axb6 9. d3 h6 10. a3 Qe7 11. Be3 Be6 12. Ba2 Qd7 13. Nh2 d5 14. exd5 Nxd5
15. Bxd5 Bxd5 16. f4 Rac8 17. f5 f6 18. c4 Bf7 19. Ng4 Nd4 20. Bxh6 Nxf5 21.
Nxf6+ gxf6 22. Qg4+ Kh7 23. Bxf8 Be6 24. Qh5+ Kg8 25. Bb4 Qxd3 26. Rf2 Ng7 27.
Qh6 f5 28. Bc3 Qd6 29. Re1 Bf7 30. Qg5 Bg6 31. Qg3 f4 32. Qg4 Nf5 33. Rxf4 exf4
34. Re8+ Kf7 35. Re5 Qd3 36. Qxf4 Qg3 37. Rxf5+ 1-0

[Event "Otvoreno prvenstvo Subotice 2014"]
[Site "Subotica"]
[Date "2014.03.03"]
[Round "6.15"]
[White "Szabo, Nikita"]
[Black "Jelovac, Ivko"]
[Result "0-1"]
[WhiteElo "1638"]
[BlackElo "1901"]
[PlyCount "89"]
[EventDate "2014.02.19"]

1. Nf3 Nf6 2. g3 g6 3. Bg2 Bg7 4. O-O d5 5. c4 c6 6. cxd5 Nxd5 7. Nc3 O-O 8. e4
Nxc3 9. bxc3 Qd3 10. Re1 Rd8 11. Re3 Qa6 12. d4 Nd7 13. Qb3 Nb6 14. Bf1 Qa5 15.
Ba3 Be6 16. Qb4 Qxb4 17. Bxb4 Rd7 18. Ree1 a5 19. Ba3 Nc4 20. Bxc4 Bxc4 21. Nd2
Be6 22. Kg2 b5 23. Nb3 Bc4 24. Nd2 Be6 25. Nb3 Rc7 26. Bc5 Rb7 27. Red1 Bc4 28.
f4 e6 29. Nd2 Bd3 30. a3 f6 31. Kf3 Kf7 32. Nb3 Bc2 33. Rdb1 Bxb1 34. Rxb1 a4
35. Nc1 Bf8 36. Nd3 Bxc5 37. Nxc5 Rc7 38. Rd1 Ke7 39. Ke3 h5 40. Nd3 Rh8 41.
Rg1 Kf7 42. Kf3 Rh6 43. Rg2 Ke7 44. Nc5 g5 45. f5 0-1

[Event "Otvoreno prvenstvo Subotice 2014"]
[Site "Subotica"]
[Date "2014.03.03"]
[Round "6.16"]
[White "Bosnjak, Slobodan"]
[Black "Sijan, Branko"]
[Result "1-0"]
[WhiteElo "1854"]
[BlackElo "1826"]
[PlyCount "27"]
[EventDate "2014.02.19"]

1. e4 e5 2. Bc4 Nf6 3. d3 Bc5 4. Nf3 Nc6 5. c3 O-O 6. Bg5 h6 7. Bh4 Be7 8. Bb5
d6 9. Bxc6 bxc6 10. O-O Bg4 11. Nbd2 d5 12. Qa4 Qd6 13. exd5 cxd5 14. Bxf6 1-0

[Event "Otvoreno prvenstvo Subotice 2014"]
[Site "Subotica"]
[Date "2014.03.05"]
[Round "7.1"]
[White "Nadj Hedjesi, Balind"]
[Black "Kosa, Jeno"]
[Result "1-0"]
[WhiteElo "2397"]
[BlackElo "2073"]
[PlyCount "79"]
[EventDate "2014.02.19"]

1. e4 c6 2. b3 d5 3. Bb2 dxe4 4. Nc3 Nf6 5. Nge2 Bf5 6. Ng3 e6 7. Qe2 Bb4 8.
O-O-O Bxc3 9. Bxc3 O-O 10. Nxf5 exf5 11. g4 f4 12. d3 f3 13. Qd2 e3 14. fxe3
Nd5 15. Bb2 Qb6 16. e4 Ne3 17. Re1 Nxf1 18. Rhxf1 Nd7 19. Rxf3 f6 20. g5 Ne5
21. Rg3 Rae8 22. h4 Qc7 23. Reg1 f5 24. exf5 Rxf5 25. Re1 Ref8 26. Bxe5 Rxe5
27. Rge3 Rfe8 28. d4 Rxe3 29. Rxe3 Rf8 30. Re4 Qd6 31. Kb2 Rd8 32. Qe2 Rf8 33.
h5 Qg3 34. Qc4+ Kh8 35. Qf7 Qb8 36. g6 h6 37. Re7 Rg8 38. Rxb7 Qd6 39. Rd7 Qb4
40. Qxg8+ 1-0

[Event "Otvoreno prvenstvo Subotice 2014"]
[Site "Subotica"]
[Date "2014.03.05"]
[Round "7.2"]
[White "Arbutina, Sinisa"]
[Black "Meszaros, Bela"]
[Result "1-0"]
[WhiteElo "2285"]
[BlackElo "2259"]
[PlyCount "71"]
[EventDate "2014.02.19"]

1. d4 Nf6 2. c4 g6 3. Nc3 Bg7 4. e4 d6 5. f3 O-O 6. Be3 Nbd7 7. Qd2 c5 8. Nge2
a6 9. Ng3 cxd4 10. Bxd4 Qa5 11. Be2 Ne5 12. O-O Nc6 13. Be3 Bd7 14. Rfd1 Rac8
15. Rac1 Rfe8 16. Bf1 Nh5 17. Nxh5 Qxh5 18. Nd5 Be6 19. Be2 Qe5 20. Nb6 Rb8 21.
Rb1 f5 22. f4 Qa5 23. b4 Nxb4 24. Qxb4 Qxb4 25. Rxb4 fxe4 26. Rdb1 Kf8 27. a4
Red8 28. Nd5 Rd7 29. Kf1 Bf7 30. Ba7 Rbd8 31. Rxb7 e6 32. Ne3 Be8 33. Nc2 Rxb7
34. Rxb7 Bxa4 35. Nd4 Bd7 36. Bb6 1-0

[Event "Otvoreno prvenstvo Subotice 2014"]
[Site "Subotica"]
[Date "2014.03.05"]
[Round "7.4"]
[White "Rajic, Ivan"]
[Black "Kler, Borko"]
[Result "0-1"]
[WhiteElo "2020"]
[BlackElo "2254"]
[PlyCount "56"]
[EventDate "2014.02.19"]

1. e4 c5 2. Nf3 d6 3. d4 cxd4 4. Nxd4 Nf6 5. Nc3 e6 6. Bg5 Be7 7. Qd2 h6 8. Be3
Ng4 9. Bb5+ Bd7 10. O-O-O Nxe3 11. fxe3 a6 12. Bxd7+ Nxd7 13. Nf3 Qa5 14. Kb1
Rc8 15. e5 Nxe5 16. Nxe5 Qxe5 17. Qd4 Qxd4 18. exd4 O-O 19. d5 e5 20. g4 Rc4
21. h3 Rfc8 22. Rhe1 Rf4 23. Rd3 Bd8 24. Ne4 Bh4 25. Ng3 e4 26. Rb3 Rf3 27. Rg1
Bxg3 28. Rxf3 exf3 0-1

[Event "Otvoreno prvenstvo Subotice 2014"]
[Site "Subotica"]
[Date "2014.03.05"]
[Round "7.5"]
[White "Pajzer, Istvan"]
[Black "Kovac, Zoltan"]
[Result "0-1"]
[WhiteElo "2157"]
[BlackElo "2031"]
[PlyCount "137"]
[EventDate "2014.02.19"]

1. e4 c6 2. c4 d5 3. exd5 cxd5 4. cxd5 Qxd5 5. Nc3 Qa5 6. d4 Nf6 7. Nf3 e6 8.
Bd3 Nc6 9. O-O Be7 10. Bg5 Bd7 11. Bxf6 Bxf6 12. d5 exd5 13. Re1+ Ne7 14. b4
Qd8 15. Nxd5 Bxa1 16. Qxa1 Kf8 17. Rxe7 Be6 18. Rxe6 fxe6 19. Nf4 Qd6 20. g3
Re8 21. Ne5 Kg8 22. Bc4 h5 23. h4 Rh6 24. Nf3 Qc6 25. Qc3 Rc8 26. Ne5 Qd6 27.
Qe3 Qd1+ 28. Kg2 Rf6 29. Be2 Qd6 30. Bd3 Rcf8 31. Nf3 Rxf4 32. gxf4 Rxf4 33. a3
Rg4+ 34. Kf1 Qd5 35. Ke2 Qa2+ 36. Nd2 Rxh4 37. Qxa7 Qd5 38. Qb8+ Kf7 39. Qc7+
Kg8 40. Qe7 Rf4 41. Qe8+ Rf8 42. Bh7+ Kxh7 43. Qxf8 Qe5+ 44. Kd3 Qd5+ 45. Kc3
Qe5+ 46. Kc2 h4 47. Qf3 Kh6 48. a4 g5 49. Ne4 Qf5 50. Qh1 Kh5 51. Kb3 Qd5+ 52.
Kc3 Qe5+ 53. Kc2 Qf5 54. a5 g4 55. Kd1 Qf4 56. b5 Qe5 57. Ng3+ Kg5 58. Qxb7
hxg3 59. fxg3 Qxg3 60. Qe7+ Kh5 61. Qf7+ Kh4 62. Qe7+ Kh3 63. Qc5 Kg2 64. a6
Qf3+ 65. Kd2 g3 66. Qd4 Kh3 67. Qh8+ Kg2 68. Kc2 Qe2+ 69. Kc3 0-1

[Event "Otvoreno prvenstvo Subotice 2014"]
[Site "Subotica"]
[Date "2014.03.05"]
[Round "7.7"]
[White "Solymosi, Andras"]
[Black "Tomik, Lajos"]
[Result "1/2-1/2"]
[WhiteElo "1788"]
[BlackElo "2052"]
[PlyCount "76"]
[EventDate "2014.02.19"]

1. c4 e5 2. Nc3 Nc6 3. g3 Nf6 4. Bg2 Bb4 5. Nd5 Nxd5 6. cxd5 Ne7 7. Nf3 Bd6 8.
O-O O-O 9. d4 e4 10. Ne5 f6 11. Nc4 f5 12. Nxd6 cxd6 13. f3 exf3 14. Rxf3 b6
15. Bf4 Rf6 16. Qd3 h6 17. h4 Bb7 18. Rf2 Kh8 19. Raf1 Qg8 20. Qa3 Bxd5 21.
Bxd6 Bxg2 22. Bxe7 Bxf1 23. Bxf6 Bh3 24. Be5 Qe6 25. e4 Rc8 26. exf5 Bxf5 27.
g4 Bxg4 28. Rf8+ Rxf8 29. Qxf8+ Qg8 30. Bxg7+ Kh7 31. Qxg8+ Kxg8 32. Bxh6 Be6
33. a3 a5 34. Kf2 a4 35. Ke3 Bc4 36. Ke4 d5+ 37. Ke5 Kh7 38. Bg5 Kg6 1/2-1/2

[Event "Otvoreno prvenstvo Subotice 2014"]
[Site "Subotica"]
[Date "2014.03.05"]
[Round "7.8"]
[White "Vecseri, Julius"]
[Black "Vucelic, Rade"]
[Result "1-0"]
[WhiteElo "2020"]
[BlackElo "1917"]
[PlyCount "87"]
[EventDate "2014.02.19"]

1. e4 e6 2. Nf3 d5 3. exd5 exd5 4. d4 c5 5. Bb5+ Nc6 6. O-O Bd6 7. dxc5 Bxc5 8.
Ne5 Nge7 9. Qf3 O-O 10. Nxc6 bxc6 11. Bd3 Ng6 12. Nc3 Bd6 13. Qh5 f5 14. Bg5
Qc7 15. Rae1 Nf4 16. Bxf4 Bxf4 17. Re2 g6 18. Qh4 Bb7 19. Re7 Qxe7 20. Qxe7 Rf7
21. Qe2 Bd6 22. Ba6 Re7 23. Qd3 Rd8 24. Kh1 Ba8 25. Qd1 Kg7 26. h4 Rde8 27. Be2
Be5 28. Bf3 Bf6 29. g3 Bb7 30. Qd3 Re5 31. Kg2 h5 32. b4 Rd8 33. Na4 Bc8 34.
Nc5 a5 35. bxa5 Re7 36. a6 Ra7 37. Be2 Kf7 38. Rb1 Be7 39. Nb7 Rd7 40. Qd4 Ra8
41. Qb6 Bxb7 42. axb7 Rb8 43. Qxc6 Rdd8 44. a4 1-0